| 000 | 01478nam a22002177a 4500 | ||
|---|---|---|---|
| 999 |
_c63576 _d63576 |
||
| 003 | Ge_BSU | ||
| 005 | 20251103205334.0 | ||
| 008 | 251103s1980 ge ||||| |||| 00| 0 geo d | ||
| 041 | _ageo | ||
| 080 | _a330.84 გ-20 | ||
| 245 |
_aგანვითარებული სოციალიზმის ეკონომიკური თეორიის აქტუალური საკითხები: _bნაკვ. 2 / _cავტორები: ვ. აბულაძე, ი. ქვაჩახია, გ. გოშაძე [და სხვა]; ლ.ლ. ჩიქავას რედაქციით; თბილისის სახელმწიფო უნივერსიტეტი. |
||
| 264 |
_aთბილისი : _b თბილ. უნ-ტის გამ-ბა, _c1980. |
||
| 300 |
_a356 გვ.; _b22 სმ. |
||
| 653 | _aსოციალიზმის ეკონომიკური თეორია | ||
| 700 |
_aაბულაძე, ვ. _eავტორი _926153 |
||
| 700 |
_aქვაჩახია, ირ. _e ავტორი, რედაქტორი _926154 |
||
| 700 |
_aგოშაძე, გ. _eავტორი _93113 |
||
| 700 |
_aჩიქავა, ლ.ლ. და სხვ. _eავტორი, რედაქტორი _926155 |
||
| 710 |
_aთბილისის სახელმწიფო უნივერსიტეტი. _926156 |
||
| 942 |
_2udc _cᲬᲘᲒᲜᲘ |
||